[Event "Rhein Main op-A 16th"]
[Site "Bad Homburg"]
[Date "2013.06.01"]
[Round "6"]
[White "Friedrich, Jan"]
[Black "Barthel, Ansgar"]
[Result "1-0"]
[WhiteElo "2251"]
[BlackElo "2207"]
[PlyCount "59"]
[EventDate "2013.05.29"]
[EventType "swiss"]
[EventRounds "7"]
[EventCountry "GER"]
[SourceTitle "EXT 2014"]
[Source "ChessBase"]
[SourceDate "2013.11.20"]
[SourceVersion "1"]
[SourceVersionDate "2013.11.20"]
[SourceQuality "1"]

1. Nf3 d5 2. d4 c5 3. c4 e6 4. cxd5 exd5 5. g3 Nc6 6. Bg2 Nf6 7. 0-0 Be7 8. Nc3 0-0 9. dxc5 Bxc5 10. Na4 Be7 11. b3 Bg4 12. Bb2 Qd7 13. Rc1 Ne4 14. Rxc6 bxc6 15. Ne5 Qe6 16. Nxg4 Qxg4 17. f3 Qg6 18. fxe4 dxe4 19. Qc2 f5 20. Nc5 Rad8 21. Qc4+ Rd5 22. Nd7 Rd8 23. Ne5 Qe6 24. g4 g6 25. gxf5 gxf5 26. Bh3 Rf8 27. Kh1 Rf6 28. Nxc6 Rf7 29. Nxe7+ Rxe7 30. Bxf5 1-0

[Event "Rhein Main op-A 16th"]
[Site "Bad Homburg"]
[Date "2013.05.31"]
[Round "4"]
[White "Friedrich, Jan"]
[Black "Hansen, Torbjorn Ringdal"]
[Result "1/2-1/2"]
[WhiteElo "2251"]
[BlackElo "2475"]
[PlyCount "82"]
[EventDate "2013.05.29"]
[EventType "swiss"]
[EventRounds "7"]
[EventCountry "GER"]
[SourceTitle "EXT 2014"]
[Source "ChessBase"]
[SourceDate "2013.11.20"]
[SourceVersion "1"]
[SourceVersionDate "2013.11.20"]
[SourceQuality "1"]

1. Nf3 c5 2. c4 Nc6 3. Nc3 g6 4. e3 Nf6 5. d4 cxd4 6. exd4 d5 7. cxd5 Nxd5 8. Qb3 Nxc3 9. Bc4 Nd5 10. Bxd5 e6 11. Bxc6+ bxc6 12. 0-0 Qd5 13. Qc2 Be7 14. Be3 f6 15. Rac1 Bb7 16. a3 Kf7 17. Rfd1 g5 18. Ne1 h5 19. f3 g4 20. Nd3 gxf3 21. Nf4 Qf5 22. Qxf5 exf5 23. gxf3 Bd6 24. Kf2 Rae8 25. Bd2 h4 26. Re1 Rd8 27. Ne6 Bxh2 28. Nxd8+ Rxd8 29. Kg2 Bg3 30. Bb4 Rd7 31. Bc5 f4 32. Bxa7 Bc8 33. Bc5 Rb7 34. b4 h3+ 35. Kh1 Be6 36. Rxe6 Kxe6 37. a4 Kd5 38. a5 Rb8 39. a6 Re8 40. a7 Re2 41. a8Q Rh2+ 1/2-1/2

[Event "Rhein Main op-A 16th"]
[Site "Bad Homburg"]
[Date "2013.05.30"]
[Round "2"]
[White "Friedrich, Jan"]
[Black "Schupp, Tobias"]
[Result "1-0"]
[WhiteElo "2251"]
[BlackElo "2073"]
[PlyCount "133"]
[EventDate "2013.05.29"]
[EventType "swiss"]
[EventRounds "7"]
[EventCountry "GER"]
[SourceTitle "EXT 2014"]
[Source "ChessBase"]
[SourceDate "2013.11.20"]
[SourceVersion "1"]
[SourceVersionDate "2013.11.20"]
[SourceQuality "1"]

1. Nf3 Nf6 2. c4 c6 3. Nc3 d5 4. cxd5 cxd5 5. d4 Nc6 6. Bf4 Bf5 7. e3 e6 8. Qb3 Qb6 9. Qxb6 axb6 10. Bb5 Nd7 11. Nh4 Bg6 12. Nxg6 hxg6 13. 0-0 Bb4 14. a3 Be7 15. b4 0-0 16. Rfc1 g5 17. Bg3 Rfc8 18. Bd3 Nxb4 19. Bb5 Nc6 20. a4 Nf6 21. Be2 Na5 22. Nb5 Ne4 23. Bd1 Nxg3 24. hxg3 Rc4 25. Rxc4 dxc4 26. Rc1 Rd8 27. Be2 e5 28. Bxc4 exd4 29. Nxd4 Kf8 30. Be2 Bc5 31. Nf3 f6 32. g4 Re8 33. Nd2 Re5 34. Kf1 Ke7 35. Bf3 Kd7 36. Ne4 Nb3 37. Rd1+ Kc7 38. Nc3 Re8 39. g3 Kc8 40. Kg2 Bb4 41. Nd5 Ba5 42. Rb1 Nd2 43. Nxb6+ Bxb6 44. Rxb6 Nxf3 45. Kxf3 Kc7 46. Rb4 Kc6 47. Rd4 Re7 48. Ke2 b5 49. axb5+ Kxb5 50. f4 gxf4 51. gxf4 Kc5 52. Kf3 Ra7 53. Ke4 Re7+ 54. Kf5 Kc6 55. Kg6 Kc7 56. Rd3 Kc8 57. Ra3 Kb7 58. Rc3 Kb8 59. g5 fxg5 60. Kxg5 Kb7 61. Kf5 Kb6 62. e4 g6+ 63. Kxg6 Rxe4 64. f5 Rg4+ 65. Kf7 Kb7 66. f6 Rf4 67. Kg7 1-0

[Event "Siebenlehn op 13th"]
[Site "Siebenlehn"]
[Date "2012.12.29"]
[Round "6"]
[White "Friedrich, Jan"]
[Black "Meister, Jakob"]
[Result "1/2-1/2"]
[WhiteElo "2244"]
[BlackElo "2494"]
[PlyCount "50"]
[EventDate "2012.12.27"]
[EventType "swiss"]
[EventRounds "7"]
[EventCountry "GER"]
[SourceTitle "EXT 2014"]
[Source "ChessBase"]
[SourceDate "2013.11.20"]
[SourceVersion "1"]
[SourceVersionDate "2013.11.20"]
[SourceQuality "1"]

1. Nf3 d5 2. d4 Nf6 3. c4 e6 4. e3 c5 5. cxd5 exd5 6. Bb5+ Nc6 7. 0-0 a6 8. Bxc6+ bxc6 9. h3 Bd6 10. dxc5 Bxc5 11. b3 0-0 12. Ba3 Bxa3 13. Nxa3 Qd6 14. Nb1 Ne4 15. Nbd2 Nf6 16. Qc2 Bb7 17. Rfe1 Rfe8 18. Rad1 Qe7 19. Nd4 Rac8 20. Nf5 Qe6 21. b4 g6 22. Nd4 Qe7 23. N4b3 Nd7 24. a3 Ba8 25. Qb2 Nb8 1/2-1/2

[Event "Rhein Main op-A 15th"]
[Site "Bad Homburg"]
[Date "2012.06.08"]
[Round "4"]
[White "Friedrich, Jan"]
[Black "Von Auer, Ulrich"]
[Result "1-0"]
[WhiteElo "2217"]
[BlackElo "2092"]
[PlyCount "55"]
[EventDate "2012.06.06"]
[EventType "swiss"]
[EventRounds "7"]
[EventCountry "GER"]
[SourceTitle "EXT 2013"]
[Source "ChessBase"]
[SourceDate "2012.11.22"]
[SourceVersion "1"]
[SourceVersionDate "2012.11.22"]
[SourceQuality "1"]

1. Nf3 Nf6 2. c4 c5 3. Nc3 d5 4. cxd5 Nxd5 5. d4 Nxc3 6. bxc3 g6 7. e4 Bg7 8. Bb5+ Bd7 9. Bxd7+ Qxd7 10. 0-0 cxd4 11. cxd4 Nc6 12. Be3 0-0 13. Rc1 Na5 14. Qd2 b6 15. Bh6 Rac8 16. Bxg7 Kxg7 17. Qf4 Rxc1 18. Rxc1 Rc8 19. Rxc8 Qxc8 20. h4 Nc4 21. h5 h6 22. hxg6 fxg6 23. d5 Qf8 24. Qc7 b5 25. Qxa7 g5 26. Qd4+ Qf6 27. e5 Qf5 28. d6 1-0

[Event "Rhein Main op-A 15th"]
[Site "Bad Homburg"]
[Date "2012.06.07"]
[Round "2"]
[White "Friedrich, Jan"]
[Black "Eg, Karlheinz"]
[Result "1-0"]
[WhiteElo "2217"]
[BlackElo "2032"]
[PlyCount "57"]
[EventDate "2012.06.06"]
[EventType "swiss"]
[EventRounds "7"]
[EventCountry "GER"]
[SourceTitle "EXT 2013"]
[Source "ChessBase"]
[SourceDate "2012.11.22"]
[SourceVersion "1"]
[SourceVersionDate "2012.11.22"]
[SourceQuality "1"]

1. Nf3 Nf6 2. c4 g6 3. Nc3 Bg7 4. e4 d6 5. d4 Nbd7 6. Be2 0-0 7. 0-0 e5 8. Qc2 exd4 9. Nxd4 Nc5 10. Rd1 Ng4 11. f3 Ne5 12. Be3 Ne6 13. Nxe6 fxe6 14. c5 Qe7 15. cxd6 cxd6 16. Nb5 Rd8 17. Nc7 Bd7 18. Nxa8 Rxa8 19. Qc7 Nf7 20. Qxb7 Qe8 21. Qa6 Bxb2 22. Rab1 Be5 23. Bb5 Bxb5 24. Qxb5 Qd8 25. f4 Bf6 26. e5 Be7 27. exd6 Nxd6 28. Qe5 Kf7 29. Bc5 1-0

[Event "Siebenlehn op 12th"]
[Site "Siebenlehn"]
[Date "2011.12.29"]
[Round "5"]
[White "Meduna, Eduard1111"]
[Black "Friedrich, Jan"]
[Result "0-1"]
[WhiteElo "1977"]
[BlackElo "2213"]
[PlyCount "98"]
[EventDate "2011.12.27"]
[EventType "swiss"]
[EventRounds "7"]
[EventCountry "GER"]
[SourceTitle "EXT 2013"]
[Source "ChessBase"]
[SourceDate "2012.11.22"]
[SourceVersion "1"]
[SourceVersionDate "2012.11.22"]
[SourceQuality "1"]

1. e4 c5 2. Nf3 d6 3. d4 cxd4 4. Nxd4 Nf6 5. Nc3 e6 6. Be3 a6 7. Be2 Be7 8. 0-0 0-0 9. f4 Nc6 10. Bf3 Qc7 11. Kh1 Nxd4 12. Bxd4 e5 13. Be3 exf4 14. Bxf4 Be6 15. Re1 Rad8 16. Qe2 Nd7 17. Bg4 Bc4 18. Qe3 Bf6 19. Bxd7 Rxd7 20. Rad1 Re8 21. Qg3 Bxc3 22. Qxc3 Bxa2 23. Qxc7 Rxc7 24. c3 Rc4 25. Rxd6 f5 26. Kg1 Rcxe4 27. Rxe4 Rxe4 28. Bg3 Re2 29. Rd8+ Kf7 30. Rd7+ Kg6 31. Rxb7 Rxg2+ 32. Kf1 Bd5 33. Rb6+ Kh5 34. c4 Be4 35. Rxa6 Rxb2 36. Ra7 g5 37. Rxh7+ Kg4 38. Be5 Rc2 39. Bf6 f4 40. Ra7 Rxh2 41. Ra5 Bf5 42. Rd5 Rc2 43. Ke1 Rxc4 44. Rd2 Rc1+ 45. Rd1 Rc6 46. Bd8 Be4 47. Rd2 Kf5 48. Ra2 Rd6 49. Be7 Re6 0-1

[Event "Siebenlehn op 12th"]
[Site "Siebenlehn"]
[Date "2011.12.28"]
[Round "4"]
[White "Friedrich, Jan"]
[Black "Eperjesi, Laszlo"]
[Result "1/2-1/2"]
[WhiteElo "2213"]
[BlackElo "2192"]
[PlyCount "77"]
[EventDate "2011.12.27"]
[EventType "swiss"]
[EventRounds "7"]
[EventCountry "GER"]
[SourceTitle "EXT 2013"]
[Source "ChessBase"]
[SourceDate "2012.11.22"]
[SourceVersion "1"]
[SourceVersionDate "2012.11.22"]
[SourceQuality "1"]

1. Nf3 d5 2. d4 Nf6 3. c4 e6 4. Nc3 c5 5. cxd5 Nxd5 6. e3 cxd4 7. exd4 Bb4 8. Bd2 Nc6 9. Bd3 Be7 10. a3 Nf6 11. Be3 0-0 12. 0-0 b6 13. Rc1 Bb7 14. Bb1 Rc8 15. Qd3 g6 16. Rcd1 Na5 17. Bh6 Re8 18. Ba2 Ng4 19. Bf4 Bd6 20. Bg3 Bxg3 21. fxg3 Bd5 22. Nxd5 exd5 23. Ne5 Nxe5 24. dxe5 Nc4 25. Qd4 Nxe5 26. Bxd5 Qe7 27. Rde1 Qc5 28. Qxc5 bxc5 29. h3 Kg7 30. g4 h6 31. Rc1 f6 32. Rc2 Red8 33. Ba2 a5 34. Rf4 Rd1+ 35. Kh2 Ra1 36. Bd5 Nd3 37. Re4 Rc7 38. Ra4 Rd1 39. Be4 1/2-1/2

[Event "Siebenlehn op 12th"]
[Site "Siebenlehn"]
[Date "2011.12.27"]
[Round "2"]
[White "Friedrich, Jan"]
[Black "Gerstenberg, Lutz"]
[Result "1-0"]
[WhiteElo "2213"]
[BlackElo "1895"]
[PlyCount "71"]
[EventDate "2011.12.27"]
[EventType "swiss"]
[EventRounds "7"]
[EventCountry "GER"]
[SourceTitle "EXT 2013"]
[Source "ChessBase"]
[SourceDate "2012.11.22"]
[SourceVersion "1"]
[SourceVersionDate "2012.11.22"]
[SourceQuality "1"]

1. Nf3 Nc6 2. c4 b6 3. d4 e6 4. e4 Bb7 5. d5 Bb4+ 6. Nbd2 Nce7 7. Bd3 Ng6 8. 0-0 e5 9. a3 Be7 10. b4 Nf6 11. Bb2 d6 12. c5 0-0 13. cxd6 cxd6 14. Re1 Rc8 15. Qa4 Nf4 16. Bf1 Ra8 17. g3 Ng6 18. Rac1 a6 19. Qd1 Qd7 20. Nc4 Bd8 21. Qd3 b5 22. Na5 Bxa5 23. bxa5 Rfc8 24. Bc3 h6 25. Bb4 Ne8 26. Qe3 f5 27. Bh3 Ne7 28. Nh4 Rxc1 29. Rxc1 Kh8 30. Nxf5 Nxf5 31. exf5 Qf7 32. Qb6 Bxd5 33. Bxd6 Bc4 34. Bxe5 Kg8 35. Rxc4 Qe7 36. Qe6+ 1-0

[Event "Wernigerode op-A 7th"]
[Site "Wernigerode"]
[Date "1998.10.17"]
[Round "5"]
[White "Friedrich, Jan"]
[Black "Pape, Manfred"]
[Result "1/2-1/2"]
[WhiteElo "1825"]
[BlackElo "2141"]
[PlyCount "61"]
[EventDate "1998.10.15"]
[EventType "swiss"]
[EventRounds "7"]
[EventCountry "GER"]
[SourceTitle "EXT 2020"]
[Source "ChessBase"]
[SourceDate "2019.10.17"]
[SourceVersion "1"]
[SourceVersionDate "2019.10.17"]
[SourceQuality "1"]

1. e4 g6 2. d4 Bg7 3. c3 d6 4. f4 c6 5. Nf3 d5 6. e5 h5 7. Bd3 Bg4 8. h3 Bxf3 9. Qxf3 e6 10. 0-0 Nh6 11. Be3 h4 12. Bf2 Nd7 13. Nd2 Bf8 14. Qe2 Be7 15. Nf3 Nf8 16. Rfb1 Nf5 17. Qe1 Nd7 18. b4 b6 19. a4 a5 20. b5 c5 21. c4 dxc4 22. Be4 cxd4 23. Bxa8 Qxa8 24. Nxd4 Nxd4 25. Bxd4 Qd5 26. Rd1 Nc5 27. Qe3 0-0 28. Kh2 Rc8 29. Qc3 Qe4 30. Qe3 Qd5 31. Qc3 1/2-1/2

[Event "Wernigerode op-A 7th"]
[Site "Wernigerode"]
[Date "1998.10.15"]
[Round "2"]
[White "Friedrich, Jan"]
[Black "Heber, Gernot"]
[Result "1-0"]
[WhiteElo "1825"]
[BlackElo "1983"]
[PlyCount "127"]
[EventDate "1998.10.15"]
[EventType "swiss"]
[EventRounds "7"]
[EventCountry "GER"]
[SourceTitle "EXT 2020"]
[Source "ChessBase"]
[SourceDate "2019.10.17"]
[SourceVersion "1"]
[SourceVersionDate "2019.10.17"]
[SourceQuality "1"]

1. e4 c5 2. Nf3 Nc6 3. Nc3 g6 4. d4 cxd4 5. Nxd4 Bg7 6. Be3 Nf6 7. Bc4 0-0 8. Bb3 Na5 9. f3 Nxb3 10. cxb3 b6 11. Qd2 Bb7 12. 0-0-0 d6 13. Kb1 a6 14. g4 b5 15. h4 b4 16. Na4 Nxe4 17. fxe4 Bxe4+ 18. Ka1 Bxh1 19. Rxh1 Qa5 20. h5 Qd5 21. Rd1 Rab8 22. Nf5 Qxd2 23. Nxe7+ Kh8 24. Rxd2 Rfe8 25. Nd5 Re4 26. hxg6 fxg6 27. g5 Rbe8 28. Rd3 h5 29. Kb1 Rg4 30. Nab6 Rg2 31. Nf6 Re6 32. Nbd5 Re5 33. Nf4 Rgxg5 34. N6d5 Rg3 35. Kc2 h4 36. Bd4 Re1 37. Bf2 Rxd3 38. Bxe1 Rd4 39. Bxh4 Kh7 40. Bg5 Bh6 41. Nf6+ Kg7 42. Ne6+ Kf7 43. Nxd4 Bxg5 44. Nd5 a5 45. a3 bxa3 46. bxa3 Bh4 47. Kd3 Bf2 48. Nb6 g5 49. Nc4 g4 50. Nxd6+ Ke7 51. Ne4 Bg1 52. Nc6+ Ke6 53. Nxa5 Bh2 54. Ke3 Kf5 55. Nc4 Bg1+ 56. Kd3 Kf4 57. b4 g3 58. Nxg3 Kxg3 59. Ke4 Kg4 60. b5 Kg5 61. b6 Kf6 62. Kd5 Ke7 63. Kc6 Kd8 64. Kb7 1-0